000 00636nam a2200181 4500
008 171215b xxu||||| |||| 00| 0 eng d
020 _a9711500582
082 _21989
_aDFil 301
_bC93
100 _925269
_aRonquillo, Adelaida A., author.
245 _aCurrent issues /
_cAdelaida A. Ronquillo ... [et al.].
260 _aQuezon City :
_bKatha Publishing Co., Inc.
_c©1989.
300 _aviii, 202 pages :
_c26 cm.
500 _aIncludes bibliographical references.
650 0 _925270
_aSociety
_xSocial issues
700 _925271
_aFontanilla, Ofelia L., author.
700 _925272
_aPeralta, Ana Maria R., author.
942 _2ddc
_cDFIL
999 _c8165
_d8165